01227caa a22002172a 4500001000900000003001100009008004300020092001700063100002200080245006700102300001600169500012700185942000900312773011400321773011400435773011400549773011500663773010700778773010700885999001700992 006169 AR-FADEU 311216n########xxu####################dd a302.23bS642 aEisenstadt, S. N. aLos procesos de comunicación entre los immigrantes en Israel aPP. 277-295 aEn: Comunicación y cultura. Tomo III: Semántica y pragmática / Alfred G. Simith. Buenos Aires : Nueva Visión, 1977 cBDGR0 0731495256aSmith, Alfred G., comp.bdBuenos Aireso6214tComunicación y culturaw( AR-FADEU) 001476xz0 0731495257aSmith, Alfred G., comp.bdBuenos Aireso6216tComunicación y culturaw( AR-FADEU) 001476xz0 0731495258aSmith, Alfred G., comp.bdBuenos Aireso5131tComunicación y culturaw( AR-FADEU) 001476xz0 0731495259aSmith, Alfred G., comp.bdBuenos Aireso20115tComunicación y culturaw( AR-FADEU) 001476xz0 0808696421aSmith, Alfred G.bdBuenos Aireso6213tComunicación y culturaw( AR-FADEU) 002252xz0 0808696422aSmith, Alfred G.bdBuenos Aireso6215tComunicación y culturaw( AR-FADEU) 002252xz c11989d11989